[Event "AUT-chT2W 1920"]
[Site "Austria"]
[Date "2019.10.04"]
[Round "1.3"]
[White "Baier, Patrick"]
[Black "Scheiblmaier, Robert"]
[Result "1/2-1/2"]
[WhiteElo "2021"]
[BlackElo "2177"]
[PlyCount "149"]
[EventDate "2019.10.04"]
[EventType "team-tourn"]
[EventRounds "11"]
[EventCountry "AUT"]
[SourceTitle "CBM 192 Extra"]
[Source "Chessbase"]
[SourceDate "2019.11.06"]
[SourceVersion "1"]
[SourceVersionDate "2019.11.06"]
[SourceQuality "1"]
[WhiteTeam "Neumarkt"]
[BlackTeam "Salzburg ASK"]
[WhiteTeamCountry "AUT"]
[BlackTeamCountry "AUT"]

1. e4 e6 2. d4 d5 3. Nc3 Bb4 4. Qg4 Nf6 5. Qxg7 Rg8 6. Qh6 Rg6 7. Qe3 dxe4 8. Bd2 Qe7 9. Nxe4 Nxe4 10. Qxe4 Bxd2+ 11. Kxd2 Qb4+ 12. Kc1 Nc6 13. Nf3 Bd7 14. Rg1 0-0-0 15. Bd3 f5 16. Qe3 Kb8 17. c3 Qf8 18. Kc2 Qg8 19. g3 Rg7 20. Rge1 Qf7 21. Ng5 Qh5 22. Nxe6 Bxe6 23. Qxe6 Qxh2 24. Qxf5 Rxg3 25. Rh1 Qg2 26. Be4 Rg5 27. Bxc6 Rxf5 28. Bxg2 Rxf2+ 29. Kb3 Rxg2 30. Rxh7 a5 31. Rah1 Rd6 32. R1h6 Rxh6 33. Rxh6 b6 34. a4 Kb7 35. Rh3 Rd2 36. Rh4 Rg2 37. Rh1 Rd2 38. Rc1 Kc6 39. Rc2 Rd1 40. Kc4 Rh1 41. d5+ Kd6 42. Rd2 Rh4+ 43. Rd4 Rh2 44. b3 c6 45. b4 axb4 46. cxb4 Rc2+ 47. Kb3 Rh2 48. dxc6+ Kxc6 49. b5+ Kc7 50. Rf4 Rh3+ 51. Kc4 Rh7 52. Kd5 Rd7+ 53. Ke6 Rd6+ 54. Ke5 Rd7 55. Rc4+ Kb7 56. Ke6 Rh7 57. Rf4 Rh6+ 58. Rf6 Rh4 59. Rf7+ Kb8 60. Kd6 Rxa4 61. Kc6 Rh4 62. Kxb6 Rh6+ 63. Ka5 Rg6 64. Rd7 Rh6 65. Kb4 Rh4+ 66. Kc5 Rh5+ 67. Kc6 Rh6+ 68. Rd6 Rxd6+ 69. Kxd6 Kb7 70. Kc5 Kc7 71. b6+ Kb7 72. Kb5 Kb8 73. Kc6 Kc8 74. b7+ Kb8 75. Kb6 1/2-1/2

[Event "AUT-chT2W 1819"]
[Site "Austria"]
[Date "2018.10.14"]
[Round "3.6"]
[White "Baier, Patrick"]
[Black "Herrmann, Michael"]
[Result "0-1"]
[WhiteElo "2008"]
[BlackElo "2124"]
[PlyCount "122"]
[EventDate "2018.10.12"]
[EventType "team-tourn"]
[EventRounds "11"]
[EventCountry "AUT"]
[SourceTitle "CBM 186 Extra"]
[Source "ChessBase"]
[SourceDate "2018.08.24"]
[SourceVersion "1"]
[SourceVersionDate "2018.08.24"]
[SourceQuality "1"]
[WhiteTeam "Neumarkt"]
[BlackTeam "Salzburg ASK"]
[WhiteTeamCountry "AUT"]
[BlackTeamCountry "AUT"]

1. Nf3 d5 2. g3 Nf6 3. Bg2 c6 4. d3 h6 5. 0-0 Bf5 6. Nfd2 e5 7. e4 Be6 8. Nc3 Be7 9. Qe1 d4 10. Nd1 Nfd7 11. f4 f6 12. Nf3 g5 13. Nf2 c5 14. h3 Nc6 15. c3 Qb6 16. c4 0-0-0 17. Qe2 Rdg8 18. f5 Bf7 19. g4 h5 20. Nh1 hxg4 21. hxg4 Rh7 22. Ng3 Rgh8 23. Kf2 Kb8 24. Rh1 Rxh1 25. Nxh1 Ka8 26. Ng3 Kb8 27. Qc2 Nb4 28. Qb3 Nc6 29. Bd2 Qxb3 30. axb3 Ka8 31. Ke2 Kb8 32. Kd1 Kc7 33. Kc2 Ndb8 34. Rh1 Rxh1 35. Nxh1 Na6 36. Bf1 Nab4+ 37. Bxb4 Nxb4+ 38. Kb1 Kd7 39. Nf2 Bd8 40. Ne1 Ba5 41. Nc2 Nxc2 42. Kxc2 Be1 43. Nd1 Kc6 44. Be2 Kb6 45. Bf3 Ka5 46. Be2 Kb4 47. Bf3 a5 48. Be2 Be8 49. Bf1 a4 50. bxa4 Bxa4+ 51. Kc1 Bb3 52. Be2 Bg3 53. Kb1 b5 54. cxb5 Kxb5 55. Bf3 Kb4 56. Be2 Be1 57. Kc1 c4 58. Bf1 c3 59. bxc3+ dxc3 60. Be2 Bd2+ 61. Kb1 c2+ 0-1

[Event "AUT-chT2W 1819"]
[Site "Austria"]
[Date "2018.10.13"]
[Round "2.6"]
[White "Kranewitter, Norbert"]
[Black "Baier, Patrick"]
[Result "0-1"]
[WhiteElo "2008"]
[BlackElo "2008"]
[PlyCount "126"]
[EventDate "2018.10.12"]
[EventType "team-tourn"]
[EventRounds "11"]
[EventCountry "AUT"]
[SourceTitle "CBM 186 Extra"]
[Source "ChessBase"]
[SourceDate "2018.08.24"]
[SourceVersion "1"]
[SourceVersionDate "2018.08.24"]
[SourceQuality "1"]
[WhiteTeam "Kufstein/Woergl"]
[BlackTeam "Neumarkt"]
[WhiteTeamCountry "AUT"]
[BlackTeamCountry "AUT"]

1. e4 e5 2. Nf3 Nc6 3. Bb5 Bc5 4. c3 Nf6 5. d3 Qe7 6. 0-0 0-0 7. d4 Bb6 8. d5 Nb8 9. Bg5 d6 10. Re1 h6 11. Bh4 Nbd7 12. Qd2 Kh7 13. Na3 Rg8 14. Nc4 g5 15. Bg3 Nh5 16. Qc2 Nf4 17. a4 a6 18. Nxb6 Nxb6 19. Bf1 h5 20. Rac1 Bg4 21. Nd2 h4 22. Bxf4 gxf4 23. Kh1 Qg5 24. Qd3 Nxa4 25. h3 Nc5 26. Nf3 Qf6 27. Qe2 Bh5 28. b4 Nd7 29. c4 b6 30. Qd3 a5 31. bxa5 Rxa5 32. Ra1 Nc5 33. Qc3 Rga8 34. Rxa5 bxa5 35. Ra1 Bxf3 36. gxf3 a4 37. Bd3 Qd8 38. Bc2 Qd7 39. Kh2 Rg8 40. Qb4 f6 41. Qe1 Qg7 42. Qf1 Ra8 43. Ra3 Qd7 44. Qg1 Qc8 45. Qg2 Rb8 46. Ra1 Qg8 47. Qf1 Rb4 48. Qe2 Nb3 49. Rg1 Nd4 50. Qd1 Qf7 51. Rg4 a3 52. Kh1 Qh5 53. Qg1 Qh6 54. Bb1 Rxc4 55. Rg8 Nxf3 56. Qg4 Rc1+ 57. Kg2 Ne1+ 58. Kh2 Rxb1 59. Rc8 Nf3+ 60. Qxf3 Qg6 61. Rxc7+ Kh6 62. Qg4 Qxg4 63. hxg4 a2 0-1

[Event "Neumarkt am Wallersee op 15th"]
[Site "Neumarkt am Wallersee"]
[Date "2016.08.26"]
[Round "7"]
[White "Baier, Patrick"]
[Black "Klopf, Guenter"]
[Result "1/2-1/2"]
[WhiteElo "1979"]
[BlackElo "1828"]
[PlyCount "67"]
[EventDate "2016.08.20"]
[EventType "swiss"]
[EventRounds "9"]
[EventCountry "AUT"]
[SourceTitle "CBM 174 Extra"]
[Source "ChessBase"]
[SourceDate "2016.10.10"]
[SourceVersion "1"]
[SourceVersionDate "2016.10.10"]
[SourceQuality "1"]

1. e4 e5 2. Nf3 Nc6 3. Bc4 Bc5 4. b4 Bxb4 5. c3 Be7 6. d4 Na5 7. Nxe5 Nxc4 8. Nxc4 d5 9. exd5 Qxd5 10. Ne3 Qd8 11. 0-0 Nf6 12. Ba3 Bxa3 13. Nxa3 0-0 14. Qf3 c6 15. Nac2 Qc7 16. c4 Bd7 17. c5 Be6 18. Nb4 Rad8 19. Rfd1 Nd5 20. a3 Nxb4 21. axb4 a6 22. d5 cxd5 23. Nxd5 Bxd5 24. Rxd5 Rxd5 25. Qxd5 Rd8 26. Qe4 Qd7 27. Re1 g6 28. h4 h5 29. g3 Rc8 30. Kg2 a5 31. bxa5 Rxc5 32. Rb1 Qd5 33. Qxd5 Rxd5 34. Rxb7 1/2-1/2

[Event "Neumarkt am Wallersee op 14th"]
[Site "Neumarkt am Wallersee"]
[Date "2015.08.28"]
[Round "7"]
[White "Lederer, Peter"]
[Black "Baier, Patrick"]
[Result "0-1"]
[WhiteElo "2052"]
[BlackElo "1959"]
[PlyCount "100"]
[EventDate "2015.08.22"]
[EventType "swiss"]
[EventRounds "9"]
[EventCountry "AUT"]
[SourceTitle "EXT 2016"]
[Source "ChessBase"]
[SourceDate "2015.10.08"]
[SourceVersion "1"]
[SourceVersionDate "2015.10.08"]
[SourceQuality "1"]

1. c4 g6 2. Nc3 Nf6 3. Nf3 Bg7 4. g3 0-0 5. Bg2 d6 6. 0-0 Nbd7 7. Rb1 e5 8. d3 Re8 9. Qc2 a5 10. a3 Nc5 11. b4 axb4 12. Rxb4 e4 13. Nh4 Qe7 14. dxe4 Nfxe4 15. Nd5 Qd8 16. Bb2 c6 17. Bxg7 Kxg7 18. Nb6 Ra6 19. Nxc8 Qxc8 20. Nf3 Qe6 21. a4 Qf6 22. Rc1 Rea8 23. e3 Rxa4 24. Rxa4 Rxa4 25. Nd4 Ng5 26. Rb1 Ra8 27. Qd1 Ra2 28. f4 Qe7 29. Nc2 Nge4 30. Ra1 Rb2 31. Rc1 Qf6 32. Qd4 Nc3 33. Qxf6+ Kxf6 34. Nd4 Ne2+ 35. Nxe2 Rxe2 36. Rc3 Ke7 37. Bf3 Ra2 38. h4 Kd8 39. e4 Kc7 40. Re3 b5 41. cxb5 cxb5 42. e5 Rd2 43. h5 b4 44. g4 b3 45. hxg6 hxg6 46. exd6+ Kxd6 47. f5 b2 48. Re1 Rc2 49. Rd1+ Kc7 50. fxg6 fxg6 0-1

[Event "AUT-chT2W 1415"]
[Site "Austria"]
[Date "2015.01.23"]
[Round "6.2"]
[White "Baier, Patrick"]
[Black "Neuschmied, Siegfried"]
[Result "0-1"]
[WhiteElo "1961"]
[BlackElo "2268"]
[PlyCount "64"]
[EventDate "2014.10.10"]
[EventType "team-tourn"]
[EventRounds "11"]
[EventCountry "AUT"]
[SourceTitle "EXT 2016"]
[Source "ChessBase"]
[SourceDate "2015.10.08"]
[SourceVersion "1"]
[SourceVersionDate "2015.10.08"]
[SourceQuality "1"]
[WhiteTeam "Neumarkt"]
[BlackTeam "Kufstein/Woergl"]
[WhiteTeamCountry "AUT"]
[BlackTeamCountry "AUT"]

1. Nf3 g6 2. b3 Bg7 3. d4 c5 4. Bb2 cxd4 5. Bxd4 Nf6 6. g3 Nc6 7. Bb2 Qb6 8. e3 d5 9. Bg2 0-0 10. 0-0 Bf5 11. Nbd2 Rac8 12. c3 Bd3 13. Re1 Rfd8 14. Rc1 Ba6 15. Bf1 e5 16. Rc2 e4 17. Nd4 Ne5 18. Bxa6 Qxa6 19. Qb1 Nd3 20. Rf1 Ng4 21. c4 Nb4 22. Rcc1 Nxa2 23. Rcd1 f5 24. Qa1 Nb4 25. Qxa6 Nxa6 26. Ne6 Bxb2 27. Nxd8 Rxd8 28. cxd5 b5 29. Rb1 Bc3 30. Rfd1 Ne5 31. Rbc1 Bxd2 32. Rxd2 Nf3+ 0-1

[Event "AUT-chT2W 1415"]
[Site "Austria"]
[Date "2014.10.11"]
[Round "2.6"]
[White "Baier, Patrick"]
[Black "Kuecher, Wolfgang"]
[Result "1/2-1/2"]
[WhiteElo "1961"]
[BlackElo "2035"]
[PlyCount "69"]
[EventDate "2014.10.10"]
[EventType "team-tourn"]
[EventRounds "11"]
[EventCountry "AUT"]
[SourceTitle "EXT 2015"]
[Source "ChessBase"]
[SourceDate "2014.11.20"]
[SourceVersion "1"]
[SourceVersionDate "2014.11.20"]
[SourceQuality "1"]
[WhiteTeam "Neumarkt"]
[BlackTeam "Ranshofen"]
[WhiteTeamCountry "AUT"]
[BlackTeamCountry "AUT"]

1. Nf3 g6 2. g3 Bg7 3. d4 c5 4. c4 cxd4 5. Nxd4 Nc6 6. Nc2 d6 7. Nc3 Nf6 8. Bg2 0-0 9. 0-0 Nd7 10. Nd5 Nb6 11. Nce3 Nxd5 12. Qxd5 Be6 13. Qe4 Rb8 14. Rd1 Qc8 15. Nd5 Re8 16. Nf4 Bf5 17. Qe3 b6 18. Qa3 Na5 19. e4 Nxc4 20. Qb4 Bg4 21. f3 Bd7 22. Bf1 Ne5 23. Qb3 Qb7 24. Kg2 Rbc8 25. Be3 Bc6 26. Nd5 e6 27. Nc3 Red8 28. Rd2 d5 29. Rad1 Nd7 30. exd5 exd5 31. Nxd5 Re8 32. Bg5 Nc5 33. Qc4 Re6 34. b4 Na4 35. b5 1/2-1/2

[Event "AUT-chT2W 1415"]
[Site "Austria"]
[Date "2014.10.10"]
[Round "1.5"]
[White "Baier, Patrick"]
[Black "Kliegl, Severin"]
[Result "1-0"]
[WhiteElo "1961"]
[BlackElo "1903"]
[PlyCount "83"]
[EventDate "2014.10.10"]
[EventType "team-tourn"]
[EventRounds "11"]
[EventCountry "AUT"]
[SourceTitle "EXT 2015"]
[Source "ChessBase"]
[SourceDate "2014.11.20"]
[SourceVersion "1"]
[SourceVersionDate "2014.11.20"]
[SourceQuality "1"]
[WhiteTeam "Neumarkt"]
[BlackTeam "Bernhard II"]
[WhiteTeamCountry "AUT"]
[BlackTeamCountry "AUT"]

1. Nf3 e6 2. g3 f5 3. Bg2 Nf6 4. d4 d5 5. 0-0 Bd6 6. c4 c6 7. Bg5 0-0 8. Nbd2 Nbd7 9. Qc2 h6 10. Bxf6 Nxf6 11. a3 Bd7 12. b4 Rc8 13. Qb2 Be8 14. Rfc1 Bh5 15. a4 Bxf3 16. Nxf3 dxc4 17. Rxc4 Nd5 18. b5 Qb6 19. Rac1 Rc7 20. Nd2 Rfc8 21. e3 c5 22. R4c2 cxd4 23. Rxc7 Rxc7 24. Rxc7 Bxc7 25. exd4 Qa5 26. Bxd5 exd5 27. Qc2 Bb6 28. Qc8+ Bd8 29. Qxf5 Bf6 30. Qxd5+ Kh8 31. Ne4 Qxa4 32. Nxf6 gxf6 33. Kg2 a6 34. bxa6 bxa6 35. Qd8+ Kg7 36. Qe7+ Kg6 37. d5 a5 38. d6 Qc6+ 39. Kh3 Qc5 40. Qe8+ Kg5 41. f4+ Kf5 42. Qh5+ 1-0

[Event "Neumarkt am Wallersee op 13th"]
[Site "Neumarkt am Wallersee"]
[Date "2014.08.30"]
[Round "8"]
[White "Baier, Patrick"]
[Black "Frank, Emanuel"]
[Result "0-1"]
[WhiteElo "1968"]
[BlackElo "2158"]
[PlyCount "74"]
[EventDate "2014.08.23"]
[EventType "swiss"]
[EventRounds "9"]
[EventCountry "AUT"]
[SourceTitle "EXT 2016"]
[Source "ChessBase"]
[SourceDate "2015.10.08"]
[SourceVersion "1"]
[SourceVersionDate "2015.10.08"]
[SourceQuality "1"]

1. Nf3 d5 2. g3 Nf6 3. Bg2 Bg4 4. d4 c6 5. 0-0 Nbd7 6. b3 e6 7. Nbd2 Be7 8. Bb2 0-0 9. c4 a5 10. Re1 Qb6 11. c5 Qc7 12. h3 Bh5 13. g4 Bg6 14. Nh4 b6 15. Nxg6 hxg6 16. cxb6 Qxb6 17. Qc2 Rac8 18. Qd3 Rfd8 19. Rec1 c5 20. Rc2 cxd4 21. Bxd4 Qb8 22. Rac1 Rxc2 23. Qxc2 e5 24. Bb2 Bc5 25. e3 e4 26. Bd4 Ba3 27. Bb2 Bxb2 28. Qxb2 Ne5 29. Qc3 Nd3 30. Rc2 Nb4 31. Rb2 Rc8 32. Qd4 Nd3 33. Rb1 Rc2 34. Nxe4 dxe4 35. g5 Nxf2 36. Rb2 Nxh3+ 37. Kf1 Qb5+ 0-1

[Event "AUT-ch qual"]
[Site "Gmunden"]
[Date "2005.08.18"]
[Round "6"]
[White "Baier, Patrick"]
[Black "Hiermann, Dietmar"]
[Result "1/2-1/2"]
[WhiteElo "1957"]
[BlackElo "2263"]
[PlyCount "104"]
[EventDate "2005.08.13"]
[EventType "swiss"]
[EventRounds "9"]
[EventCountry "AUT"]
[SourceTitle "CBM 107 Extra"]
[Source "ChessBase"]
[SourceDate "2005.09.01"]
[SourceVersion "1"]
[SourceVersionDate "2005.09.01"]
[SourceQuality "1"]

1. Nf3 d5 2. g3 Nf6 3. Bg2 c6 4. 0-0 Bf5 5. d3 h6 6. Nbd2 Nbd7 7. Re1 e6 8. e4 Bh7 9. e5 Ng8 10. Nf1 Ne7 11. g4 Ng6 12. Ng3 Nh4 13. Nxh4 Qxh4 14. f4 Qd8 15. Kh1 Qc7 16. f5 0-0-0 17. Bf4 g5 18. Bd2 exf5 19. Bc3 Bg7 20. e6 Bxc3 21. exd7+ Qxd7 22. bxc3 fxg4 23. Nh5 f5 24. Nf6 Qd6 25. Nxh7 Rxh7 26. Qe2 h5 27. Qe6+ Qxe6 28. Rxe6 f4 29. Rae1 f3 30. Bf1 d4 31. cxd4 Rxd4 32. R1e4 Rxe4 33. Rxe4 Kd7 34. Kg1 Kd6 35. Kf2 c5 36. Re8 Rg7 37. Rh8 h4 38. Re8 Re7 39. Rg8 Re5 40. Rg6+ Kc7 41. c3 a6 42. Rg7+ Kb6 43. Rg6+ Ka5 44. Rd6 b5 45. d4 g3+ 46. hxg3 hxg3+ 47. Kxg3 Re1 48. Kf2 Rc1 49. a4 g4 50. axb5 axb5 51. Rg6 Rxc3 52. dxc5 Rxc5 1/2-1/2

[Event "AUT-ch qual"]
[Site "Gmunden"]
[Date "2005.08.15"]
[Round "3"]
[White "Braun, Karl Heinz"]
[Black "Baier, Patrick"]
[Result "1-0"]
[WhiteElo "2140"]
[BlackElo "1957"]
[PlyCount "67"]
[EventDate "2005.08.13"]
[EventType "swiss"]
[EventRounds "9"]
[EventCountry "AUT"]
[SourceTitle "CBM 107 Extra"]
[Source "ChessBase"]
[SourceDate "2005.09.01"]
[SourceVersion "1"]
[SourceVersionDate "2005.09.01"]
[SourceQuality "1"]

1. e4 g6 2. d4 Bg7 3. c3 c6 4. Bd3 d5 5. e5 Nh6 6. Ne2 f6 7. Ng3 fxe5 8. dxe5 0-0 9. 0-0 Nf5 10. f4 Qb6+ 11. Kh1 c5 12. Bxf5 gxf5 13. Qxd5+ Be6 14. Qf3 Rd8 15. Qf2 Qc7 16. Nd2 c4 17. Nf3 Na6 18. Be3 Rd3 19. Bd4 Rd8 20. Bxa7 Qd7 21. Nd4 Nc7 22. Bb6 Rc8 23. Bxc7 Rxc7 24. Rfd1 Qc8 25. Rxd3 cxd3 26. Rd1 Bd7 27. Rxd3 e6 28. Qd2 Kf7 29. Qd1 Be8 30. a4 Bh6 31. Ngxf5 exf5 32. Qh5+ Kg8 33. Qxh6 Bc6 34. Rg3+ 1-0

[Event "AUT-ch qual"]
[Site "Gmunden"]
[Date "2005.08.14"]
[Round "2"]
[White "Natter, Markus"]
[Black "Baier, Patrick"]
[Result "1-0"]
[WhiteElo "2147"]
[BlackElo "1957"]
[PlyCount "53"]
[EventDate "2005.08.13"]
[EventType "swiss"]
[EventRounds "9"]
[EventCountry "AUT"]
[SourceTitle "CBM 107 Extra"]
[Source "ChessBase"]
[SourceDate "2005.09.01"]
[SourceVersion "1"]
[SourceVersionDate "2005.09.01"]
[SourceQuality "1"]

1. Nc3 g6 2. d4 Nf6 3. e4 d6 4. Nge2 Bg7 5. g3 0-0 6. Bg2 e5 7. h3 Nc6 8. Be3 Nd7 9. 0-0 f5 10. dxe5 dxe5 11. Qd5+ Kh8 12. Rfd1 Ne7 13. Qc4 c6 14. a4 Rf6 15. Bg5 Rf8 16. exf5 gxf5 17. Qh4 Rf7 18. Bf3 h6 19. Bxh6 Bxh6 20. Rd6 Rh7 21. Rxh6 Qg8 22. Rd1 Ng6 23. Rxh7+ Qxh7 24. Qd8+ Ndf8 25. h4 Qf7 26. Bh5 Kg7 27. Bxg6 1-0